| 000 | nam a22 7a 4500 | ||
|---|---|---|---|
| 999 |
_c53962 _d53962 |
||
| 003 | OSt | ||
| 005 | 20220727164153.0 | ||
| 008 | 220727b xxu||||| |||| 00| 0 eng d | ||
| 040 | _cIIMT UNIVERSITY, MEERUT | ||
| 100 | _aV. RAJARAMAN | ||
| 245 | _aCOMPUTER ORIENTED NUMERICAL METHODS | ||
| 250 | _a3 | ||
| 260 |
_aPRENTICE HALL OF INDIA PVT LTD _bNEW DELHI _c2001 |
||
| 300 | _a196 | ||
| 942 |
_2ddc _c09 |
||